000 00785nam a2200253 a 4500
001 000010345
003 DO-SdBNP
005 20240412074309.0
007 ta
008 091006t2020 dr r 000 p spa d
020 _z9789945096040
040 _aDO-SdBNP
_bspa
_cBNPHU
082 4 _aRD863.44
_bP438c
_222
100 1 _aPérez Martínez, Armando
_925358
245 1 0 _aCincuenta años después :
_bcuentos /
_cArmando Pérez Martínez
260 _aSanto Domingo :
_bSantuario,
_c2020.
300 _a180 p. ;
_c23 cm.
590 _aInventariado, 2022 / DG
590 _aLa biblioteca posee 1 ejemplar autografiado por el autor
650 4 _aCuentos dominicano
_966
650 0 _aLiteratura dominicana.
_967
910 _aDG/Validado. Control de calidad MFF
942 _2ddc
_cLBS1
999 _c51468
_d51468